Most Common Crossword Answers - Statistics

General Stats
  • This quiz has been taken 147 times
  • The average score is 10 of 100
Answer Stats
Appearances Answer % Correct
253 ONE
33%
211 ARE
31%
164 EVE
25%
190 EAR
23%
323 ERA
22%
228 ORE
22%
162 EAT
21%
142 SEA
21%
167 SEE
21%
222 ATE
20%
146 TEA
20%
231 ALE
19%
158 TEN
19%
263 ERE
18%
145 LEE
17%
170 SPA
17%
133 TREE
17%
187 NEE
16%
152 TEE
16%
179 APE
15%
154 ART
15%
194 ODE
15%
139 SET
15%
141 ASS
14%
220 OLE
14%
170 ANT
13%
143 EON
13%
182 ACE
12%
174 AGE
12%
279 AREA
12%
194 EEL
12%
174 ESE
12%
146 NOR
12%
139 STAR
12%
194 ALA
11%
236 ALI
11%
150 ANA
11%
163 ARI
11%
179 END
11%
203 ENE
11%
214 ERIE
11%
212 ETA
11%
188 OREO
11%
141 OSLO
11%
251 ELI
10%
146 EPEE
10%
157 NET
10%
152 TAR
10%
205 ERR
9%
145 ICE
9%
200 IRE
9%
140 ONCE
9%
204 ADO
8%
198 ARIA
8%
146 ELS
8%
204 ESS
8%
178 IRA
8%
158 ACRE
7%
184 ASH
7%
153 EASE
7%
157 EGO
7%
187 ELSE
7%
189 EST
7%
169 ETE
7%
138 SSE
7%
137 STE
7%
143 ALAS
6%
140 AMI
6%
205 EDEN
6%
154 ETNA
6%
173 IDEA
6%
153 OLEO
6%
144 ALEE
5%
212 ALOE
5%
195 ANTE
5%
156 ARENA
5%
164 ASIA
5%
133 IRON
5%
147 ORAL
5%
143 AHA
4%
161 ANTI
4%
164 ASEA
4%
132 EDIT
4%
134 ELAN
4%
143 EROS
4%
154 ETAL
4%
138 IDOL
4%
161 ISEE
4%
132 NRA
4%
156 TNT
4%
143 TSAR
4%
143 ALEC
3%
153 ANON
3%
132 EDGE
3%
138 ENOS
3%
142 ERASE
3%
134 ESSO
3%
139 RTE
3%
138 INRE
2%
141 ORDER
1%
No matching quizzes found
Score Distribution
Percent of People with Each Score
Percentile by Number Answered
Your Score History
You have not taken this quiz